[Event "V C.to Italiano a squadre femminile"]
[Site "Arvier ITA"]
[Date "2012.04.28"]
[Round "1"]
[White "Barbiso, Tiziana"]
[Black "Panella, Fiammetta"]
[Result "0-1"]
[WhiteElo "2060"]
[BlackElo "2013"]
[PlyCount "72"]
[EventDate "2012.04.28"]

1. e4 c5 2. Nc3 e6 3. Nf3 a6 4. d4 cxd4 5. Nxd4 Qc7 6. Be2 Nf6 7. O-O Nc6 8.
Kh1 Be7 9. f4 d6 10. a4 O-O 11. Be3 Rd8 12. Bf3 Bd7 13. Nb3 Na5 14. Nxa5 Qxa5
15. Qe2 Bc6 16. Qc4 d5 17. exd5 Nxd5 18. Bd4 Rac8 19. Ne2 Bb5 20. Qb3 Bc4 21.
Qxb7 Rc7 22. Bb6 Qxb6 23. Qxb6 Nxb6 24. b3 Bxe2 25. Bxe2 a5 26. Bd3 Nd5 27. f5
Ne3 28. Rf2 Bf6 29. Re1 Nxf5 30. Bxf5 exf5 31. Rxf5 Bc3 32. Rd5 Rdc8 33. Re2 g6
34. g3 Kf8 35. Kg2 Re7 36. Rf2 Re1 0-1

[Event "V C.to Italiano a squadre femminile"]
[Site "Arvier ITA"]
[Date "2012.04.28"]
[Round "1"]
[White "Costantini, Laura"]
[Black "Revello, Beatrice"]
[Result "1-0"]
[WhiteElo "2049"]
[BlackElo "1674"]
[PlyCount "63"]
[EventDate "2012.04.28"]

1. e4 c5 2. Nc3 d6 3. g3 Nc6 4. Bg2 Nf6 5. d3 e6 6. f4 Be7 7. Nf3 d5 8. e5 Nd7
9. O-O O-O 10. Re1 Re8 11. Bh3 b6 12. Bd2 Bb7 13. f5 exf5 14. Bxf5 Nf8 15. Bf4
Bc8 16. Bxc8 Rxc8 17. Qe2 Ne6 18. Qg2 Qd7 19. Rf1 f6 20. Rae1 d4 21. Ne4 fxe5
22. Bxe5 Nxe5 23. Nxe5 Qc7 24. Nf3 Nf8 25. Qh3 Qd7 26. Qh5 Qd8 27. Nfg5 Bxg5
28. Nxg5 Rxe1 29. Rxe1 Qd5 30. Qg4 Rd8 31. Re7 Rd7 32. Ne4 1-0

[Event "V C.to Italiano a squadre femminile"]
[Site "Arvier ITA"]
[Date "2012.04.28"]
[Round "1"]
[White "De Rosa, Mariagrazia"]
[Black "Colasante, Marianna"]
[Result "1-0"]
[WhiteElo "2091"]
[BlackElo "1570"]
[PlyCount "67"]
[EventDate "2012.04.28"]

1. e4 e5 2. Nf3 Nc6 3. Bb5 Nf6 4. d3 d6 5. c3 Bd7 6. O-O Ne7 7. Bc4 Be6 8. Bxe6
fxe6 9. Qb3 Qc8 10. Ng5 d5 11. f4 exf4 12. Bxf4 h6 13. Nf3 Ng6 14. Bg3 Be7 15.
exd5 exd5 16. Nd4 O-O 17. Nf5 Bc5+ 18. d4 Bb6 19. Nd2 Qd7 20. a4 a5 21. Qc2 Ne7
22. Nxe7+ Qxe7 23. Rae1 Qd7 24. Nf3 Ne4 25. Be5 Rf7 26. c4 c6 27. c5 Bd8 28.
Re2 Bf6 29. Rfe1 Qe7 30. Qb3 Qd8 31. h3 Qe7 32. Bxf6 Qxf6 33. Ne5 Re7 34. Rxe4
1-0

[Event "V C.to Italiano a squadre femminile"]
[Site "Arvier ITA"]
[Date "2012.04.28"]
[Round "1"]
[White "Di Crescenzo, Linda"]
[Black "Di Primio, Eugenia"]
[Result "0-1"]
[WhiteElo "1441"]
[BlackElo "1972"]
[PlyCount "118"]
[EventDate "2012.04.28"]

1. e4 c6 2. d4 d5 3. e5 c5 4. c3 Nc6 5. Nf3 Bg4 6. Be2 e6 7. O-O Nh6 8. Be3
cxd4 9. cxd4 Nf5 10. Qd2 Qb6 11. Rd1 Bb4 12. Nc3 O-O 13. Rac1 Na5 14. b3 Nc6
15. h3 Bh5 16. Qd3 Ba3 17. Rb1 a6 18. Nxd5 exd5 19. Qxf5 Bg6 20. Qg4 Bxb1 21.
Rxb1 Ne7 22. Bd3 f5 23. Qg3 Ng6 24. Bd2 Bb4 25. Qg5 Bxd2 26. Qxd2 Rac8 27. Rc1
Ne7 28. Bb1 h6 29. Rxc8 Rxc8 30. Nh4 Qe6 31. Qe3 g5 32. Nf3 Qc6 33. Kh2 Qc1 34.
Qxc1 Rxc1 35. Bd3 Rc3 36. Ne1 Kf7 37. Kg3 Nc6 38. Kf3 Nxd4+ 39. Ke3 Nc6 40. Kd2
d4 41. Bxf5 Nxe5 42. Be4 Nc6 43. Bxc6 Rxc6 44. Kd3 Rc1 45. Nf3 Ra1 46. Nxd4
Rxa2 47. Ke3 Kf6 48. g4 Rb2 49. f3 Rh2 50. Ke4 Rxh3 51. Nf5 h5 52. gxh5 Rxh5
53. Nd6 Rh7 54. b4 Ke6 55. Nc4 Rh4+ 56. Kd3 b5 57. Nd2 Rxb4 58. Kc3 a5 59. Ne4
Rxe4 0-1

[Event "V C.to Italiano a squadre femminile"]
[Site "Arvier ITA"]
[Date "2012.04.28"]
[Round "1"]
[White "Gueci, Laura"]
[Black "Zimina, Olga"]
[Result "0-1"]
[WhiteElo "1830"]
[BlackElo "2327"]
[PlyCount "74"]
[EventDate "2012.04.28"]

1. c4 c6 2. Nf3 d5 3. b3 Bg4 4. e3 Nd7 5. Be2 e5 6. O-O Ngf6 7. Bb2 Bd6 8. d3
O-O 9. Nbd2 Re8 10. a3 a5 11. Ne1 Bf5 12. Nc2 Nc5 13. d4 Nd3 14. Bc3 Bg6 15.
dxe5 Nxe5 16. Nd4 Qe7 17. a4 Ned7 18. cxd5 Nxd5 19. Bb2 Bb4 20. Nc4 Nc3 21.
Bxc3 Bxc3 22. Rc1 Bb4 23. Bd3 Bxd3 24. Qxd3 Nc5 25. Qc2 Ne4 26. Rfd1 Qf6 27.
Nf3 h6 28. Rd4 Nc3 29. Rf4 Ne2+ 30. Qxe2 Qxf4 31. Rd1 Qf6 32. Rd7 Rad8 33. Nce5
Rxd7 34. Nxd7 Qe6 35. Nb6 Qxb3 36. Nd4 Qc3 37. h3 Qxd4 0-1

[Event "V C.to Italiano a squadre femminile"]
[Site "Arvier ITA"]
[Date "2012.04.28"]
[Round "1"]
[White "Kachiani-Gersinska, Ketino"]
[Black "Miracola, Giorgia"]
[Result "1-0"]
[WhiteElo "2319"]
[BlackElo "1796"]
[PlyCount "37"]
[EventDate "2012.04.28"]

1. d4 d5 2. c4 e6 3. Nf3 c6 4. g3 dxc4 5. Bg2 b5 6. O-O Bb7 7. a4 a6 8. Nc3 Nf6
9. Ne5 Qb6 10. Bg5 Be7 11. b3 cxb3 12. Qxb3 O-O 13. Rfd1 Re8 14. axb5 cxb5 15.
d5 Bc5 16. e3 exd5 17. Nxd5 Nxd5 18. Bxd5 Rc8 19. Bxf7+ 1-0

[Event "V C.to Italiano a squadre femminile"]
[Site "Arvier ITA"]
[Date "2012.04.28"]
[Round "1"]
[White "Messina, Roberta"]
[Black "Matta, Francesca"]
[Result "0-1"]
[WhiteElo "1957"]
[BlackElo "1880"]
[PlyCount "120"]
[EventDate "2012.04.28"]

1. d4 d5 2. Nc3 c5 3. Nf3 Nf6 4. Bg5 Ne4 5. Bd2 e6 6. e3 Nc6 7. Bd3 Nxd2 8.
Qxd2 Bd7 9. O-O cxd4 10. exd4 Be7 11. Ne2 Nb4 12. Ne5 O-O 13. f4 Nxd3 14. Qxd3
Rc8 15. Nxd7 Qxd7 16. f5 Rc6 17. c3 a6 18. Rf3 b5 19. Raf1 Bf6 20. fxe6 Rxe6
21. Nf4 Re4 22. Rh3 Qd6 23. Nh5 Bh4 24. Ng3 Bxg3 25. Rxg3 Rfe8 26. Rh3 Qg6 27.
Qf3 Qe6 28. Qh5 h6 29. Rhf3 Re7 30. R3f2 a5 31. Qf5 Qxf5 32. Rxf5 Re2 33. R5f2
R2e4 34. a3 b4 35. axb4 axb4 36. Rd2 bxc3 37. bxc3 Re3 38. Rf5 Rd7 39. Re5 Rxc3
40. Kf2 f6 41. Re8+ Kf7 42. Ra8 Kg6 43. Ra5 Kf5 44. Ra4 Rdc7 45. Ra5 Rd7 46.
Ra4 Rc4 47. Rxc4 dxc4 48. Ke3 Re7+ 49. Kf3 g5 50. h3 Ke6 51. g4 Kd5 52. Kf2 Re4
53. Ra2 Kxd4 54. Rd2+ Kc3 55. Rd6 Kb2 56. Rb6+ Kc2 57. Kg3 Rf4 58. Rb8 c3 59.
h4 Kc1 60. Rc8 c2 0-1

[Event "V C.to Italiano a squadre femminile"]
[Site "Arvier ITA"]
[Date "2012.04.28"]
[Round "1"]
[White "Monticone, Sonia"]
[Black "Sedina, Elena"]
[Result "0-1"]
[WhiteElo "1865"]
[BlackElo "2353"]
[PlyCount "66"]
[EventDate "2012.04.28"]

1. e4 Nf6 2. e5 Nd5 3. d4 d6 4. c4 Nb6 5. exd6 exd6 6. Nc3 Nc6 7. Be3 Be7 8.
Bd3 O-O 9. Nge2 Nb4 10. b3 Nxd3+ 11. Qxd3 Bg4 12. O-O Re8 13. h3 Bxe2 14. Nxe2
d5 15. c5 Nd7 16. b4 Nf6 17. Rfe1 b6 18. Rab1 a5 19. bxa5 Rxa5 20. cxb6 cxb6
21. Qb3 b5 22. Bd2 Ra8 23. Qxb5 Ne4 24. Bf4 Rxa2 25. Bc7 Qa8 26. Qxe8+ Qxe8 27.
Rb8 Qxb8 28. Bxb8 Rb2 29. Nf4 Rxb8 30. Nxd5 Bd6 31. Ne7+ Bxe7 32. Rxe4 Kf8 33.
g3 Bf6 0-1

[Event "V C.to Italiano a squadre femminile"]
[Site "Arvier ITA"]
[Date "2012.04.28"]
[Round "1"]
[White "Vitale, Aurora"]
[Black "Santeramo, Alessia Carmen"]
[Result "0-1"]
[WhiteElo "1416"]
[BlackElo "1824"]
[PlyCount "44"]
[EventDate "2012.04.28"]

1. e4 c5 2. Nf3 e6 3. d4 cxd4 4. Nxd4 a6 5. Nc3 Qc7 6. a4 Nf6 7. Be2 Bb4 8. Qd3
Bxc3+ 9. bxc3 Nxe4 10. Bb2 d5 11. f3 Nd6 12. O-O Nd7 13. Kh1 Nc4 14. Bc1 O-O
15. f4 Nc5 16. Qg3 Ne4 17. Qf3 Ncd2 18. Bxd2 Nxd2 19. Qg3 Nxf1 20. Rxf1 Bd7 21.
Rf3 Rfe8 22. Qh4 e5 0-1

[Event "V C.to Italiano a squadre femminile"]
[Site "Arvier ITA"]
[Date "2012.04.29"]
[Round "2"]
[White "De Rosa, Mariagrazia"]
[Black "Costantini, Laura"]
[Result "1/2-1/2"]
[WhiteElo "2091"]
[BlackElo "2049"]
[PlyCount "147"]
[EventDate "2012.04.28"]

1. e4 d6 2. d4 Nf6 3. Nc3 e5 4. Nf3 Nbd7 5. Bc4 Be7 6. O-O O-O 7. Re1 c6 8. a4
b6 9. b3 Qc7 10. Ba3 a6 11. Bf1 Re8 12. Qd2 Bf8 13. Rad1 b5 14. dxe5 dxe5 15.
Bd6 Bxd6 16. Qxd6 Qxd6 17. Rxd6 b4 18. Nb1 Nc5 19. Rxc6 Nfxe4 20. Bc4 a5 21.
Rc7 Be6 22. Nxe5 Bxc4 23. Nxc4 Nd6 24. Rxe8+ Rxe8 25. Kf1 Nxc4 26. Rxc5 Na3 27.
Nd2 g6 28. g4 Rd8 29. Ke2 Re8+ 30. Kf3 Re1 31. Ne4 h6 32. Nf6+ Kg7 33. Nd5 Re5
34. Kf4 Re2 35. Kf3 Rxc2 36. Rxa5 Rb2 37. h4 Rxb3+ 38. Kg2 Rb1 39. g5 hxg5 40.
hxg5 Rd1 41. Nxb4 Rd4 42. Nc6 Rc4 43. Ne5 Rc7 44. Ng4 Rc8 45. Nf6 Nc4 46. Ra7
Ne5 47. Re7 Nc6 48. Rc7 Rxc7 49. Ne8+ Kf8 50. Nxc7 Ke7 51. Nb5 Ke6 52. f4 f6
53. Nc7+ Kf5 54. gxf6 Kxf6 55. Kf3 Kf5 56. Ke3 Na5 57. Nd5 Nc6 58. Kd3 g5 59.
fxg5 Kxg5 60. Kc4 Kf5 61. Kb5 Nd4+ 62. Kc4 Ke5 63. a5 Nc6 64. a6 Kd6 65. Nb6
Kc7 66. Kc5 Na7 67. Nd5+ Kb8 68. Kd6 Nc8+ 69. Kd7 Ka7 70. Nb4 Nb6+ 71. Kc6 Nc8
72. Kb5 Nd6+ 73. Kc5 Nc8 74. Kc6 1/2-1/2

[Event "V C.to Italiano a squadre femminile"]
[Site "Arvier ITA"]
[Date "2012.04.29"]
[Round "2"]
[White "Fierro Baquero, Martha Lorena"]
[Black "Messina, Roberta"]
[Result "1-0"]
[WhiteElo "2380"]
[BlackElo "1957"]
[PlyCount "57"]
[EventDate "2012.04.28"]

1. c4 c5 2. g3 g6 3. Bg2 Bg7 4. Nc3 Nc6 5. a3 Nf6 6. Rb1 a6 7. b4 d6 8. Nf3 Bf5
9. d3 Nd4 10. bxc5 dxc5 11. Rxb7 O-O 12. O-O Rb8 13. Rxb8 Qxb8 14. Nxd4 cxd4
15. Nd5 Nxd5 16. Bxd5 Bh3 17. Re1 Rd8 18. Qa4 e6 19. Bf3 Qb6 20. Bd2 Rb8 21.
Bb4 Bf8 22. Bxf8 Rxf8 23. Bg2 Bxg2 24. Kxg2 Kg7 25. h4 h5 26. Qd7 Qc5 27. e3
dxe3 28. Rxe3 Rb8 29. Rf3 1-0

[Event "V C.to Italiano a squadre femminile"]
[Site "Arvier ITA"]
[Date "2012.04.29"]
[Round "2"]
[White "Gueci, Laura"]
[Black "Miracola, Giorgia"]
[Result "0-1"]
[WhiteElo "1830"]
[BlackElo "1796"]
[PlyCount "108"]
[EventDate "2012.04.28"]

1. c4 Nf6 2. g3 g6 3. Bg2 d5 4. cxd5 Nxd5 5. Nc3 Nb6 6. Nf3 Bg7 7. O-O c5 8. d3
O-O 9. Ne4 c4 10. d4 Nc6 11. e3 e5 12. dxe5 Nxe5 13. Nxe5 Bxe5 14. Qe2 Qc7 15.
Bd2 Na4 16. Bb4 Rd8 17. f4 Bg7 18. b3 Nb2 19. bxc4 Qxc4 20. Qxc4 Nxc4 21. Rad1
Bg4 22. Rxd8+ Rxd8 23. Kf2 Rd3 24. h3 Bf5 25. g4 Bxe4 26. Bxe4 Rxe3 27. Bd5 Bd4
28. Kg2 Nb6 29. Bxb7 Re2+ 30. Kg3 Re3+ 31. Kg2 Re2+ 32. Kf3 Rb2 33. Be7 Rxa2
34. Rd1 Ra4 35. Bc6 Rc4 36. Bb5 Rc3+ 37. Kg2 Re3 38. Bb4 Bf6 39. g5 Be7 40. Bd2
Rb3 41. Bc6 Rb2 42. Kg3 Rc2 43. Bb7 Rc7 44. Ba6 Rd7 45. Kf3 Bb4 46. Ke2 Rxd2+
47. Rxd2 Bxd2 48. Kxd2 Nd5 49. Bf1 Nxf4 50. Ke3 Ne6 51. h4 Kf8 52. Be2 Ke7 53.
Ke4 Kd6 54. Ba6 Nc5+ 0-1

[Event "V C.to Italiano a squadre femminile"]
[Site "Arvier ITA"]
[Date "2012.04.29"]
[Round "2"]
[White "Matta, Francesca"]
[Black "Kachiani-Gersinska, Ketino"]
[Result "0-1"]
[WhiteElo "1880"]
[BlackElo "2319"]
[PlyCount "40"]
[EventDate "2012.04.28"]

1. d4 Nf6 2. c4 g6 3. Nc3 Bg7 4. e4 d6 5. Bd3 Nc6 6. Nge2 Nh5 7. Be3 a6 8. O-O
e5 9. d5 Nd4 10. b4 c5 11. dxc6 bxc6 12. Na4 Rb8 13. Rb1 O-O 14. Qd2 Ne6 15.
Bc2 Qf6 16. c5 dxc5 17. Nxc5 Rd8 18. Qc3 Nef4 19. Ng3 Nxg3 20. fxg3 Ne2+ 0-1

[Event "V C.to Italiano a squadre femminile"]
[Site "Arvier ITA"]
[Date "2012.04.29"]
[Round "2"]
[White "Monticone, Sonia"]
[Black "Gueci, Tea"]
[Result "1-0"]
[WhiteElo "1865"]
[BlackElo "1910"]
[PlyCount "85"]
[EventDate "2012.04.28"]

1. e4 c5 2. Nf3 d6 3. d4 cxd4 4. Nxd4 Nf6 5. Nc3 a6 6. Be3 e5 7. Nb3 Be6 8. f4
exf4 9. Bxf4 Be7 10. Qe2 O-O 11. h3 b5 12. O-O-O Qb6 13. g4 Re8 14. g5 Nfd7 15.
Qd2 Ne5 16. Be2 Nbc6 17. Nd5 Bxd5 18. exd5 Nc4 19. Bxc4 bxc4 20. dxc6 cxb3 21.
axb3 Qxc6 22. Qd5 Qb6 23. Rhg1 Rac8 24. h4 a5 25. Rdf1 Bf8 26. Qxf7+ Kh8 27.
Bd2 Qc5 28. Bc3 d5 29. Qf5 Re2 30. Qd3 Rh2 31. Rh1 Rxh1 32. Rxh1 Rd8 33. Qd4
Qc7 34. Rf1 Bc5 35. Qe5 Qa7 36. Qf5 d4 37. Bxd4 Qa6 38. Bxc5 Rg8 39. Qf7 Qc8
40. Qxg8+ Kxg8 41. Rf8+ Qxf8 42. Bxf8 Kxf8 43. c4 1-0

[Event "V C.to Italiano a squadre femminile"]
[Site "Arvier ITA"]
[Date "2012.04.29"]
[Round "2"]
[White "Panella, Fiammetta"]
[Black "Zimina, Olga"]
[Result "0-1"]
[WhiteElo "2013"]
[BlackElo "2327"]
[PlyCount "111"]
[EventDate "2012.04.28"]

1. e4 e5 2. Nf3 Nc6 3. Bb5 a6 4. Bxc6 dxc6 5. Nc3 Qd6 6. O-O Bg4 7. d3 Nf6 8.
Be3 Nd7 9. h3 Bh5 10. Qe2 Be7 11. Rfd1 c5 12. Nd5 Bd8 13. g4 Bg6 14. Bd2 h5 15.
Kg2 Nb8 16. Ne3 Nc6 17. Nf5 Bxf5 18. exf5 hxg4 19. hxg4 Be7 20. Qe4 O-O-O 21.
Rh1 Rhe8 22. Rh7 Bf8 23. Re1 Kb8 24. a3 Ka7 25. Be3 b6 26. Bg5 f6 27. Bd2 Ne7
28. b4 Nd5 29. bxc5 Qxc5 30. c4 Ne7 31. Bb4 Qc6 32. Qxc6 Nxc6 33. Bxf8 Rxf8 34.
Rxg7 Kb7 35. Re3 b5 36. cxb5 axb5 37. Nd2 Rg8 38. Rxg8 Rxg8 39. f3 Nd4 40. Ne4
Nxf5 41. Re1 Nh4+ 42. Kg3 Ng6 43. Nxf6 Rd8 44. Re3 Kc6 45. g5 Rd4 46. Ne4 Ra4
47. Kg4 Rxa3 48. Kf5 Ne7+ 49. Kxe5 b4 50. Nd2 Ra5+ 51. Ke6 Ng6 52. Kf6 Nf4 53.
Re4 Nd5+ 54. Kf7 Ra2 55. Nc4 Rf2 56. Ne5+ 0-1

[Event "V C.to Italiano a squadre femminile"]
[Site "Arvier ITA"]
[Date "2012.04.29"]
[Round "2"]
[White "Reginato, Sabrina"]
[Black "Barbiso, Tiziana"]
[Result "1-0"]
[WhiteElo "1991"]
[BlackElo "2060"]
[PlyCount "53"]
[EventDate "2012.04.28"]

1. d4 d5 2. Nf3 Nf6 3. Bf4 e6 4. e3 c5 5. c3 Nc6 6. Bd3 Bd6 7. Bxd6 Qxd6 8. O-O
O-O 9. Nbd2 Re8 10. dxc5 Qxc5 11. e4 e5 12. Qc2 h6 13. h3 Bd7 14. Rfe1 Rac8 15.
Rac1 Qb6 16. exd5 Nxd5 17. Nc4 Qc7 18. Rcd1 Nf4 19. Nd6 Re6 20. Nxc8 Bxc8 21.
Bf5 Rf6 22. Bxc8 Qxc8 23. Nxe5 Nxe5 24. Rxe5 Rg6 25. Qe4 Ne6 26. f4 Nc5 27.
Re8+ 1-0

[Event "V C.to Italiano a squadre femminile"]
[Site "Arvier ITA"]
[Date "2012.04.29"]
[Round "2"]
[White "Sedina, Elena"]
[Black "Ravazzolo, Gaia"]
[Result "1-0"]
[WhiteElo "2353"]
[BlackElo "1701"]
[PlyCount "85"]
[EventDate "2012.04.28"]

1. e4 c6 2. d4 d5 3. Nd2 dxe4 4. Nxe4 Bf5 5. Ng3 Bg6 6. N1e2 e6 7. Nf4 Bd6 8.
Ngh5 Bf8 9. c3 Nf6 10. Nxf6+ Qxf6 11. Qb3 b6 12. Be2 Bd6 13. g3 Be4 14. O-O Nd7
15. Re1 O-O 16. Bf1 Bf5 17. Bg2 Rac8 18. Be3 Qd8 19. a4 Qc7 20. a5 Rb8 21. axb6
axb6 22. Qc4 c5 23. Qb5 Nf6 24. Ra6 Be4 25. Nh5 Bxg2 26. Nxf6+ gxf6 27. Kxg2
Kh8 28. Qe2 Rg8 29. Qf3 f5 30. dxc5 bxc5 31. Rc6 Qe7 32. Rxd6 Qxd6 33. Bf4 Qe7
34. Be5+ f6 35. Bxb8 Rxb8 36. Qxf5 e5 37. Re2 Qf7 38. Rd2 Re8 39. Rd6 Kg7 40.
h4 Re7 41. h5 Re8 42. h6+ Kg8 43. Rxf6 1-0

[Event "V C.to Italiano a squadre femminile"]
[Site "Arvier ITA"]
[Date "2012.04.29"]
[Round "2"]
[White "Vitale, Aurora"]
[Black "Colasante, Marianna"]
[Result "0-1"]
[WhiteElo "1416"]
[BlackElo "1570"]
[PlyCount "144"]
[EventDate "2012.04.28"]

1. e4 e5 2. Nf3 Nc6 3. Bc4 Bc5 4. d3 d6 5. Be3 Bb6 6. O-O Nf6 7. Nc3 Bg4 8. Nd5
Nxd5 9. Bxd5 O-O 10. h3 Bh5 11. c3 Qf6 12. Qe2 Bxf3 13. Qxf3 Qxf3 14. gxf3 Kh8
15. f4 exf4 16. Bxf4 f5 17. Bxc6 bxc6 18. e5 Rad8 19. e6 Rde8 20. Rfe1 Rf6 21.
a4 a6 22. b4 Rfxe6 23. Rxe6 Rxe6 24. d4 Re8 25. Rd1 Re4 26. Bc1 Kg8 27. Kf1 Re8
28. Ba3 Rb8 29. c4 Ba7 30. c5 Rd8 31. Rb1 Rb8 32. Ke2 dxc5 33. dxc5 Bxc5 34.
Rb2 Be7 35. Kd3 c5 36. b5 c4+ 37. Kxc4 Bxa3 38. Rb3 axb5+ 39. axb5 Be7 40. Kd5
Bd6 41. Kc6 Rb6+ 42. Kd5 Kf7 43. Kc4 Ke7 44. Rf3 g6 45. h4 c6 46. bxc6 Rxc6+
47. Kd5 Rc5+ 48. Kd4 Re5 49. Rb3 Ke6 50. Rb7 Re4+ 51. Kd3 Rxh4 52. f3 g5 53.
Ke2 Rh2+ 54. Ke3 Bc5+ 55. Kd3 Rh3 56. Ke2 g4 57. fxg4 fxg4 58. Kf1 Rh2 59. Rb3
h5 60. Rg3 Rf2+ 61. Ke1 Rf4 62. Rg2 h4 63. Rh2 g3 64. Rg2 Kf5 65. Ke2 Rf2+ 66.
Rxf2+ Bxf2 67. Kf3 h3 68. Ke2 h2 69. Kd3 h1=Q 70. Kc4 Qd1 71. Kc3 Qd4+ 72. Kc2
Ke4 0-1

[Event "V C.to Italiano a squadre femminile"]
[Site "Arvier ITA"]
[Date "2012.04.29"]
[Round "3"]
[White "Costantini, Laura"]
[Black "Vitale, Aurora"]
[Result "1-0"]
[WhiteElo "2049"]
[BlackElo "1416"]
[PlyCount "83"]
[EventDate "2012.04.28"]

1. e4 e5 2. Nf3 Nc6 3. Bc4 Bc5 4. c3 Nf6 5. d3 d6 6. Nbd2 O-O 7. O-O d5 8. exd5
Nxd5 9. Re1 Nf4 10. Ne4 Bb6 11. Bxf4 exf4 12. Qd2 Be6 13. Qxf4 Bxc4 14. dxc4
Ne7 15. c5 Ng6 16. Qg3 f5 17. Neg5 Bxc5 18. Ne6 f4 19. Qh3 Qd6 20. Nxf8 Rxf8
21. b4 Bb6 22. Qe6+ Qxe6 23. Rxe6 a5 24. Rae1 c6 25. h4 Bd8 26. h5 Nh4 27. Nxh4
Bxh4 28. Re8 axb4 29. cxb4 Kf7 30. Rxf8+ Kxf8 31. Rd1 Be7 32. Rd4 Bg5 33. Kf1
Ke7 34. Ke2 Kf6 35. Rd7 Bh6 36. Rxb7 Ke5 37. a4 Bg5 38. a5 Kd6 39. a6 c5 40. a7
c4 41. a8=Q Ke5 42. Qa5+ 1-0

[Event "V C.to Italiano a squadre femminile"]
[Site "Arvier ITA"]
[Date "2012.04.29"]
[Round "3"]
[White "Di Crescenzo, Linda"]
[Black "Santeramo, Alessia Carmen"]
[Result "0-1"]
[WhiteElo "1441"]
[BlackElo "1824"]
[PlyCount "128"]
[EventDate "2012.04.28"]

1. e4 c5 2. Nc3 e6 3. f4 a6 4. Nf3 Qc7 5. d3 Ne7 6. g3 b5 7. Bg2 Bb7 8. O-O g6
9. Bd2 Bg7 10. e5 O-O 11. Qe1 d5 12. Qf2 Nd7 13. Rac1 Rac8 14. a3 Nb6 15. b4
cxb4 16. axb4 Nc6 17. Ne2 f6 18. d4 f5 19. Ng5 Rfe8 20. c3 Nc4 21. Be3 Nb8 22.
Ra1 Nd7 23. Nf3 Ndb6 24. Ne1 Na4 25. Rc1 Ncb2 26. Bd2 Bf8 27. Qf3 Nc4 28. Be3
a5 29. Nd3 Nab2 30. Nc5 Bxc5 31. dxc5 a4 32. Nd4 Bc6 33. Ra1 Nxe3 34. Qxe3 Nc4
35. Qe2 Ra8 36. Rfb1 Ra6 37. Ra2 Bd7 38. Rba1 Rea8 39. Bf1 Qb7 40. Qf3 Bc6 41.
Qf2 Qd7 42. h3 Kg7 43. Kh2 Rh8 44. h4 h6 45. Qg1 Kf7 46. Kh1 Bb7 47. Rh2 Raa8
48. h5 g5 49. Bd3 Rag8 50. Qf2 gxf4 51. gxf4 Qe7 52. Bc2 Rg4 53. Bd1 Rg7 54.
Bf3 a3 55. Nxb5 d4 56. Nd6+ Nxd6 57. cxd6 Qd7 58. Bxb7 Qxb7+ 59. Rg2 Rhg8 60.
Rag1 Rg3 61. Kh2 Rxg2+ 62. Rxg2 Rxg2+ 63. Qxg2 Qxg2+ 64. Kxg2 a2 0-1

[Event "V C.to Italiano a squadre femminile"]
[Site "Arvier ITA"]
[Date "2012.04.29"]
[Round "3"]
[White "Gueci, Tea"]
[Black "Sedina, Elena"]
[Result "0-1"]
[WhiteElo "1910"]
[BlackElo "2353"]
[PlyCount "60"]
[EventDate "2012.04.28"]

1. e4 Nc6 2. d4 d5 3. exd5 Qxd5 4. Nf3 Bg4 5. Nc3 Qh5 6. Be2 O-O-O 7. Be3 e5 8.
d5 Nf6 9. O-O Nxd5 10. Nxd5 e4 11. Nd4 Bxe2 12. Qxe2 Qxe2 13. Nxe2 Rxd5 14. Nc3
Re5 15. Bf4 Re7 16. Rad1 f5 17. Nd5 Rf7 18. Nxc7 g5 19. Bxg5 Kxc7 20. Bf4+ Kc8
21. c3 Rd7 22. b4 Bg7 23. b5 Ne5 24. c4 Rxd1 25. Rxd1 Rd8 26. Rxd8+ Kxd8 27. c5
Nd3 28. Bg5+ Kd7 29. c6+ bxc6 30. bxc6+ Kxc6 0-1

[Event "V C.to Italiano a squadre femminile"]
[Site "Arvier ITA"]
[Date "2012.04.29"]
[Round "3"]
[White "Kachiani-Gersinska, Ketino"]
[Black "Gueci, Laura"]
[Result "1-0"]
[WhiteElo "2319"]
[BlackElo "1830"]
[PlyCount "69"]
[EventDate "2012.04.28"]

1. d4 d5 2. c4 c6 3. Nf3 Nf6 4. e3 e6 5. b3 Nbd7 6. Bb2 Bd6 7. Bd3 O-O 8. Nbd2
Qc7 9. Qc2 Re8 10. c5 Bf8 11. O-O g6 12. b4 b6 13. Rfc1 bxc5 14. bxc5 a5 15.
Qa4 Ba6 16. Bxa6 Rxa6 17. Bc3 e5 18. dxe5 Nxc5 19. Qd4 Nfe4 20. Nxe4 Nxe4 21.
Bb2 Bg7 22. Qxd5 cxd5 23. Rxc7 Rd8 24. h4 h6 25. Bd4 Re6 26. Rb1 g5 27. hxg5
Nxg5 28. Nxg5 hxg5 29. f4 gxf4 30. exf4 Rg6 31. Rbb7 Rf8 32. Bc5 Rd8 33. Rxf7
d4 34. f5 Rg5 35. Be7 1-0

[Event "V C.to Italiano a squadre femminile"]
[Site "Arvier ITA"]
[Date "2012.04.29"]
[Round "3"]
[White "Messina, Roberta"]
[Black "Monticone, Sonia"]
[Result "1-0"]
[WhiteElo "1957"]
[BlackElo "1865"]
[PlyCount "77"]
[EventDate "2012.04.28"]

1. c4 Nf6 2. Nc3 c5 3. g3 e6 4. Bg2 d5 5. cxd5 exd5 6. d4 cxd4 7. Qxd4 Nc6 8.
Qa4 d4 9. Ne4 Nxe4 10. Bxe4 Bb4+ 11. Kf1 Qb6 12. Nf3 Bh3+ 13. Kg1 Bd7 14. Qb3
O-O 15. Qd5 Bg4 16. Ng5 g6 17. Nf3 Be7 18. Qc4 Be6 19. Qa4 Rad8 20. h4 h5 21.
Ng5 Bd5 22. Qc2 Ne5 23. Bf4 Nc6 24. Bxg6 Bxg5 25. Bh7+ Kg7 26. Bxg5 Rd6 27. Be4
Bxe4 28. Qxe4 Rg6 29. b3 Qa5 30. Kg2 Qc3 31. Rac1 Qa5 32. Rc2 Qb5 33. Rd1 Qb6
34. Qf3 Rh8 35. Bf4 Re6 36. e3 Nb4 37. Rc7 Rc6 38. Be5+ Kg8 39. Qxf7# 1-0

[Event "V C.to Italiano a squadre femminile"]
[Site "Arvier ITA"]
[Date "2012.04.29"]
[Round "3"]
[White "Miracola, Giorgia"]
[Black "Panella, Fiammetta"]
[Result "0-1"]
[WhiteElo "1796"]
[BlackElo "2013"]
[PlyCount "74"]
[EventDate "2012.04.28"]

1. e4 c5 2. Nf3 e6 3. d4 cxd4 4. Nxd4 a6 5. c4 Nf6 6. Nc3 Bb4 7. Bd3 Nc6 8. Be3
Qc7 9. O-O Ne5 10. Rc1 Neg4 11. g3 Nxe3 12. fxe3 h5 13. Qf3 d6 14. Nce2 Nd7 15.
Nf4 g6 16. Nc2 Bc5 17. Ng2 Ne5 18. Qe2 Qe7 19. b4 Ba7 20. Nd4 Bd7 21. Nf3 Nxf3+
22. Qxf3 O-O 23. Nf4 Qg5 24. Rce1 Rac8 25. Rf2 Bc6 26. Rg2 Kg7 27. g4 h4 28.
Nh5+ Kh8 29. Nf4 Bb6 30. Nh3 Qe5 31. Rc2 g5 32. Qf2 f6 33. Qf3 Kg7 34. Nf2 Ba4
35. Rcc1 Qb2 36. b5 axb5 37. e5 fxe5 0-1

[Event "V C.to Italiano a squadre femminile"]
[Site "Arvier ITA"]
[Date "2012.04.29"]
[Round "3"]
[White "Ravazzolo, Gaia"]
[Black "Fierro Baquero, Martha Lorena"]
[Result "0-1"]
[WhiteElo "1701"]
[BlackElo "2380"]
[PlyCount "54"]
[EventDate "2012.04.28"]

1. d4 g6 2. Nf3 Bg7 3. c4 d6 4. Nc3 c6 5. e4 Bg4 6. Be2 Nd7 7. h3 Bxf3 8. Bxf3
Qb6 9. Ne2 Qb4+ 10. Qd2 Qxc4 11. b3 Qa6 12. Bb2 e6 13. O-O Ngf6 14. d5 cxd5 15.
exd5 e5 16. Ng3 O-O 17. Bc3 Rac8 18. Rac1 Qb5 19. Rfd1 Nc5 20. Qe3 a5 21. Be2
Qe8 22. Bg4 Nfd7 23. Bxd7 Qxd7 24. Ne4 Nxe4 25. Qxe4 Bh6 26. Bd2 Bxd2 27. Rxc8
Qxc8 0-1

[Event "V C.to Italiano a squadre femminile"]
[Site "Arvier ITA"]
[Date "2012.04.29"]
[Round "3"]
[White "Revello, Beatrice"]
[Black "De Rosa, Mariagrazia"]
[Result "1/2-1/2"]
[WhiteElo "1674"]
[BlackElo "2091"]
[PlyCount "122"]
[EventDate "2012.04.28"]

1. d4 Nf6 2. Nf3 b6 3. c4 Bb7 4. e3 e6 5. Nc3 Bb4 6. Bd2 O-O 7. Be2 Be7 8. O-O
c5 9. dxc5 Bxc5 10. Ne5 Nc6 11. Nxc6 Bxc6 12. Bf3 Rc8 13. Rc1 h6 14. Bxc6 dxc6
15. Qc2 Qd6 16. h3 Rfd8 17. Rfd1 Qe5 18. Be1 Bd6 19. g3 b5 20. cxb5 cxb5 21.
Qe2 a6 22. a3 Bc5 23. Rxd8+ Rxd8 24. Rd1 Rxd1 25. Qxd1 g6 26. Qf3 Kg7 27. Qd1
Bb6 28. Qf3 Bc5 29. Nd1 Qd5 30. Qxd5 Nxd5 31. Nc3 Nb6 32. Ne4 Be7 33. Bc3+ f6
34. Nd2 Na4 35. Nb1 e5 36. b4 Kf7 37. Kf1 Ke6 38. Ke2 Kd5 39. Ba1 f5 40. Nd2
Bd6 41. Nb3 Nb6 42. Nd2 Nc4 43. Nb1 Nb6 44. Nd2 Nc4 45. Nb1 g5 46. Nc3+ Kc6 47.
Nb1 Kb6 48. Kd3 e4+ 49. Kc2 h5 50. Bf6 g4 51. hxg4 hxg4 52. Bb2 Kc6 53. Nd2 Nb6
54. Bd4 Bc7 55. Nb3 Nc4 56. Bb2 Kd5 57. Nd2 Be5 58. Nxc4 bxc4 59. Bxe5 Kxe5 60.
Kc3 Kd5 61. Kb2 Kc6 1/2-1/2